000 00510nam a2200193Ia 4500
005 20240823012539.0
008 240823s9999||||xx |||||||||||||| ||und||
020 _a81-7808-111-3
041 _aENGLISH
082 _A005.133 P3
100 _a"Knuth,Donald E"
245 4 _aThe Art of Computer Programming Vol 1 Fundamental Algoriths
250 _a3rd
260 _c2003
_b"Pearson Education,"
500 _aTRANSFERED
650 _aProgramming
_bInformation Technology
942 _cBK
999 _c164709
_d164709